| 000 | 00000nam 2200000zi 4500 |
| 001 | 9.898309 |
| 003 | CaOODSP |
| 005 | 20240722160720 |
| 006 | m o d f |
| 007 | cr gn||||||||| |
| 008 | 210406s1976## onc|||| o f000 0|eng d |
| 040 | |aCaOODSP|beng|erda|cCaOODSP |
| 043 | |an-cn---|an-cn-bc |
| 086 | 1 |aRE24-61/1976E-PDF |
| 245 | 00|aSubsidiary agreement, Canada/British Columbia, 1975-76 Western Northlands Highways, February 12, 1976. |
| 246 | 33|aCanada-British Columbia 1975-76 Agreement for Western Northlands Highways in Northern British Columbia |
| 264 | 1|a[Ottawa] : |bRegional Economic Expansion = Expansion économique régionale, |c[1976] |
| 300 | |a1 online resource (12 pages) |
| 336 | |atext|btxt|2rdacontent |
| 337 | |acomputer|bc|2rdamedia |
| 338 | |aonline resource|bcr|2rdacarrier |
| 500 | |aCover title. |
| 500 | |aDigitized edition from print [produced by Innovation, Science and Economic Development Canada]. |
| 500 | |aIssued also in French under title: Entente auxiliaire, Canada/Colombie-Britannique, les routes des terres septentrionales, 1975-1976, 12 février 1976. |
| 520 | |a"The purpose of this Agreement is to enable Canada and the Province to jointly finance improvements to specified transportation facilities in northern British Columbia during the fiscal year 1975-76"--Purpose and objectives, page 3. |
| 650 | 0|aEconomic assistance, Domestic|zBritish Columbia, Northern. |
| 650 | 0|aRoads|zBritish Columbia, Northern|xFinance. |
| 710 | 1 |aCanada. |bDepartment of Regional Economic Expansion, |eissuing body. |
| 775 | 08|tEntente auxiliaire, Canada/Colombie-Britannique, les routes des terres septentrionales, 1975-1976, 12 février 1976.|w(CaOODSP)9.940867 |
| 856 | 40|qPDF|s479 KB|uhttps://publications.gc.ca/collections/collection_2024/isde-ised/re24/RE24-61-1976-eng.pdf |